000 00880 a2200265 4500
001 116067
020 _a9781467742047
041 _apor
090 _aP Year 3 741
100 _aLuciani, Brigitte.
250 _a1st American ed.
300 _a32 p.
697 _aFoxes - Comic books, strips, etc. - Fiction.
697 _aGraphic novels.
697 _aStepfamilies - Comic books, strips, etc. - Fiction.
697 _aCarnivals - Comic books, strips, etc. - Fiction.
697 _aComic books, strips, etc.
697 _aGrandparents - Comic books, strips, etc. - Fiction.
697 _aBadgers - Comic books, strips, etc. - Fiction.
697 _aSiblings - Comic books, strips, etc. - Fiction.
040 _aBR-BrIDEA
_cBR-BrIDEA
245 1 0 _aMr. Badger and Mrs. Fox. #5, The carnival
_c Brigitte Luciani
260 _bGraphic Universe
_c2014
942 _cBK
999 _c116067
_d116067